Safety design and operational practices for streets and highways (Record no. 547452)
[ view plain ]
| 000 -LEADER | |
|---|---|
| fixed length control field | 01074cam a2200217Ka 4500 |
| 082 ## - DEWEY DECIMAL CLASSIFICATION NUMBER | |
| Classification number | 625.725 |
| Author Mark | TRA |
| -- | D |
| 100 1# - MAIN ENTRY--PERSONAL NAME | |
| Personal name | Rowan, Neilon J. |
| 9 (RLIN) | 43643 |
| 245 10 - TITLE STATEMENT | |
| Title | Safety design and operational practices for streets and highways |
| Statement of responsibility, etc. | prepared for the Federal Highway Administration by Texas Transportation Institute, Texas A & M University ; authors, N.J. Rowan ... [et al.] ; editor, J.H. Johnson. |
| 260 ## - PUBLICATION, DISTRIBUTION, ETC. | |
| Place of publication, distribution, etc. | Washington, D.C. : |
| Name of publisher, distributor, etc. | U.S. Dept. of Transportation, Offices of Research and Development, Implementation Division : |
| -- | For sale by the Supt. of Docs., U.S. G.P.O., |
| Date of publication, distribution, etc. | 1980. |
| 300 ## - PHYSICAL DESCRIPTION | |
| Extent | 1 online resource (305 p. in various pagings) : |
| Other physical details | ill. |
| 500 ## - GENERAL NOTE | |
| General note | "May 1980." |
| 526 ## - STUDY PROGRAM INFORMATION NOTE | |
| Program name | 0 |
| Interest level | 0 |
| Reading level | 0 |
| Title point value | 625_725000000000000_TRA |
| 650 #0 - SUBJECT ADDED ENTRY--TOPICAL TERM | |
| Topical term or geographic name entry element | MCE |
| 9 (RLIN) | 379 |
| 650 #0 - SUBJECT ADDED ENTRY--TOPICAL TERM | |
| Topical term or geographic name entry element | Roads |
| General subdivision | Design and construction. |
| 9 (RLIN) | 19562 |
| 650 #0 - SUBJECT ADDED ENTRY--TOPICAL TERM | |
| Topical term or geographic name entry element | Roads |
| General subdivision | Safety measures. |
| 9 (RLIN) | 20708 |
| 700 1# - ADDED ENTRY--PERSONAL NAME | |
| Personal name | Johnson, Jocille Hanover, |
| 9 (RLIN) | 43644 |
| 710 1# - ADDED ENTRY--CORPORATE NAME | |
| Corporate name or jurisdiction name as entry element | United States. |
| 9 (RLIN) | 21185 |
| 710 2# - ADDED ENTRY--CORPORATE NAME | |
| Corporate name or jurisdiction name as entry element | Texas Transportation Institute. |
| 9 (RLIN) | 20810 |
| 856 40 - ELECTRONIC LOCATION AND ACCESS | |
| Uniform Resource Identifier | <a href="http://catalog.hathitrust.org/api/volumes/oclc/6564858.html">http://catalog.hathitrust.org/api/volumes/oclc/6564858.html</a> |
| 942 ## - ADDED ENTRY ELEMENTS (KOHA) | |
| Source of classification or shelving scheme | |
| Koha item type | Book |
| Withdrawn status | Lost status | Source of classification or shelving scheme | Damaged status | Not for loan | Permanent Location | Current Location | Date acquired | Total Checkouts | Full call number | Barcode | Date last seen | Price effective from | Koha item type |
|---|---|---|---|---|---|---|---|---|---|---|---|---|---|
| Military College of Engineering (MCE) | Military College of Engineering (MCE) | 07/16/2014 | 625.725 TRA | MCE-31007 | 07/16/2014 | 07/16/2014 | Book |
